000 00559nam a2200181Ia 4500
008 240925s9999 xx 000 0 und d
020 _a9788120332584
082 _a005.43 BHA
100 _aBhatt ,Pramod Chandra P.
245 3 _aAn Introduction to Operating Systems: concepts and practice
250 _a2nd
260 _aNew Delhi:
_bPearson Printice Hall
_c,2008.
300 _aVarious pages
_bN.A
_fPhotocopy
500 _aIncludes illustrations
600 _aComputer Science
650 _aComputer science, information & general works
942 _cBK
999 _c10612
_d10612